Bình văn : những bài văn hay trong và ngoài sách giáo khoa phổ thông

Shranjeno v:
Bibliografske podrobnosti
Glavni avtor: Trần, Hòa Bình
Format: Knjiga
Jezik:Undetermined
Izdano: Hà Nội Giáo dục 1999
Teme:
Oznake: Označite
Brez oznak, prvi označite!
Thư viện lưu trữ: Trung tâm Học liệu Trường Đại học Cần Thơ
LEADER 00658nam a2200217Ia 4500
001 CTU_92210
008 210402s9999 xx 000 0 und d
020 |c 10000 
082 |a 809 
082 |b B312 
100 |a Trần, Hòa Bình 
245 0 |a Bình văn : 
245 0 |b những bài văn hay trong và ngoài sách giáo khoa phổ thông 
245 0 |c Trần Hòa Bình, Lê Dy, Văn Giá 
260 |a Hà Nội 
260 |b Giáo dục 
260 |c 1999 
650 |a Vietnamese literature 
650 |x History and criticism 
904 |i Trúc, H.Mai 
980 |a Trung tâm Học liệu Trường Đại học Cần Thơ